000 00626nam a2200193Ia 4500
005 20250326142923.0
008 250326s9999 xx 000 0 und d
020 _a81-7224-793-1
037 _aTextbook
040 _aFMSL
_beng
_cFMSL
041 _aeng
_2eng
084 _aT4:3obX:89ZB N9
_qFMSL
100 _aWhiteworth L
245 0 _aCo-Active Coaching: new skills for coaching people toward success in work and life
_cWhiteworth L; House H K And Others
260 _aMumbai
_bMumbai, Jaico Publishing House
_c1999
300 _axx,265
942 _cTB
_hT4:3obX:89ZB N9
999 _c1297269
_d1297269